Goodwill v konsolidovanej účtovnej závierke, vznik, testovanie, zúčtovanie diplomová práca

Enregistré dans:
Détails bibliographiques
Auteur principal: Strnádová, Kristína
Collectivité auteur: Fakulta hospodárskej informatiky EU. Katedra účtovníctva a audítorstva
Autres auteurs: Hvoždarová, Jana
Format: Livre
Langue:slovaque
Publié: Bratislava 2008
Tags: Ajouter un tag
Pas de tags, Soyez le premier à ajouter un tag!

MARC

LEADER 00000nam$a2200000$$$4500
001 0085107
005 20240201115235.5
041 0 |a slo 
044 |a SK 
245 1 0 |a Goodwill v konsolidovanej účtovnej závierke, vznik, testovanie, zúčtovanie  |b diplomová práca  |c Kristína Strnádová ; škol. Jana Hvoždarová 
264 1 |a Bratislava  |c 2008 
300 |a 71 s. 
100 1 |a Strnádová, Kristína 
700 1 |a Hvoždarová, Jana 
710 2 |a Fakulta hospodárskej informatiky EU. Katedra účtovníctva a audítorstva